Statistics for Indian Cities over 1 Million Population

Click here to take the quiz!

General Stats

  • This quiz has been taken 456 times
    (143 since last reset)
  • The average score is 23 of 62

Answer Stats

Population State City % Correct
29,617,000DL-UP-HRDelhi
97%
23,355,000MHMumbai
97%
13,707,000KABengaluru
92%
11,324,000TNChennai
92%
17,560,000WBKolkata
88%
9,746,000TLHyderabad
86%
7,410,000GJAhmedabad
81%
7,764,000MHPune
72%
4,171,000RJJaipur
69%
4,577,000UPLucknow
63%
5,807,000GJSurat
60%
2,656,000UPAgra
56%
2,219,000MPBhopal
49%
3,243,000MPIndore
46%
1,264,000PBAmritsar
46%
1,080,000JKSrinagar
44%
3,134,000MHNagpur
44%
2,949,000BRPatna
42%
2,275,000CH-HR-PBChandigarh
41%
1,539,000KAMysuru
41%
1,686,000RJJodhpur
40%
3,811,000UPKanpur
40%
2,067,000TNCoimbatore
40%
2,060,000KLKochi
40%
2,141,000KLThiruvananthapuram
38%
3,214,000UPVaranasi
38%
2,154,000GJVadodara
33%
2,080,000TNMadurai
33%
3,065,000UPPrayagraj
32%
1,519,000CHRaipur
32%
1,116,000ORBhubaneswar
29%
1,175,000ASGuwahati
29%
1,770,000PBLudhiana
29%
1,754,000JHRanchi
29%
1,498,000APVijayawada
28%
1,541,000GJRajkot
28%
1,992,000KLKozhikode
27%
1,715,000MHAurangabad
24%
1,920,000MHNashik
24%
1,704,000MPGwalior
24%
2,094,000APVisakhapatnam
23%
1,065,000MHSolapur
22%
1,378,000TNSalem
22%
1,272,000UKDehradun
22%
1,910,000JHJamshedpur
22%
2,134,000UPMeerut
21%
1,154,000CHDurg-Bhilai
19%
1,121,000TNTiruchirappalli
19%
1,614,000UPBareilly
18%
1,191,000RJKota
18%
1,585,000KLKannur
17%
1,103,000PBJalandhar
17%
1,696,000MPJabalpur
14%
1,344,000TNTiruppur
13%
1,786,000UPAligarh
13%
1,214,000KLThrissur
12%
1,122,000JHDhanbad
10%
1,031,000KLKollam
8%
1,180,000KLMalappuram
8%
1,563,000WBAsansol
8%
1,412,000UPMoradabad
6%
1,261,000UPSaharanpur
5%

Score Distribution

Percentile by Number Answered

Percent of People with Each Score

Your Score History

You have not taken this quiz since the last reset